000
00278nam a2200109Ia 4500
005
20251222144713.0
008
251222s9999||||xx |||||||||||||| ||spa||
082
_a
343.092.985/O78
245
0
_a
Marco Normativo del Subsector Eléctrico 2008
264
_b
Osinergmin
942
_c
LIB
999
_c
17919
_d
17919